|
|
|
|
| LEADER |
01048nam a22002297i 4500 |
| 003 |
GR-PaULI |
| 005 |
20210117210420.0 |
| 008 |
170703s1997 gr ||||| |||| 00| pdgre d |
| 020 |
|
|
|a 9607760123
|
| 040 |
|
|
|a GR-PaULI
|b gre
|c GR-PaULI
|e AACR2
|
| 082 |
0 |
4 |
|a 889.11
|2 23
|
| 100 |
1 |
|
|9 33908
|a Βιζυηνός, Γεώργιος Μ.,
|d 1849-1896
|e συγγραφέας
|
| 245 |
1 |
0 |
|a Παιδικαί ποιήσεις /
|b Γεώργιος Βιζυηνός ; εισαγωγή Ανδρέας Καρακίτσος.
|
| 260 |
|
|
|a Θεσσαλονίκη :
|b Ζήτρος,
|c 1997.
|
| 300 |
|
|
|a 295 σ. ;
|c 17 εκ.
|
| 490 |
1 |
|
|a Ελληνική λογοτεχνία / Ζήτρος
|
| 650 |
|
4 |
|9 2593
|a Νεοελληνική ποίηση
|
| 830 |
|
0 |
|9 163076
|a Ελληνική λογοτεχνία (Ζήτρος)
|
| 942 |
|
|
|2 ddc
|c BK15
|
| 952 |
|
|
|0 0
|1 0
|2 ddc
|4 0
|6 889_110000000000000_ΒΙΖ
|7 0
|9 213686
|a THST
|b THST
|d 2017-07-03
|i 006089
|l 0
|o 889.11 ΒΙΖ
|p 025000011946
|r 2017-07-03 00:00:00
|t 1
|v 2017.00
|w 2017-07-03
|y BK15
|
| 998 |
|
|
|c ΜΑΝΙΑ
|d 2017-07
|
| 999 |
|
|
|c 129941
|d 129941
|